00587nam a2200169 i 4500001000700000003000900007005001700016007000300033008004100036100002100077245014800098260006900246300003100315700002200346700002700368852002200395128016ES-MaACL20230906193136.0t|070214s1923 xxk |||| | eng d1 aRivers, W. H. R.10aPsychology and politics and other essays / cby W. H. R. Rivers ; with a preparatory note by G. Elliot Smith and an appreciation by C.S. Myers. aLondon : b[s. n.], c1923 (eEdinburgh : fThe Edinburgh Press) aVII, 181 p ; c23 x 14 cm.1 aSmith, G. Elliot.1 aMyers, Charles Samuel. aES-MaACLjB-11231